000 00412 a2200133 4500
001 ART_46035
005 20260410161731.0
008 260409a
245 1 0 _aConsumo responsable
100 1 _aBianchi, Enrique Carlos
700 1 _aFerreyra, Silvina
700 1 _aKosiak de Gesualdo, Graciela
773 0 _tEscritos contables y de administración
_g- Vol. 4, Nº1 (ene./jun. 2013)
_wREV2758
999 _c17841
_d17841